000 00281nam a22001217a 4500
008 181106b xxu||||| |||| 00| 0 eng d
041 _aeng
080 _a575
100 _a6
101 _aBIO
245 _aThe Biochemistry Of Clincal Medicine
_cHoffmaan.W.S
942 _2udc
_cBK
999 _c52035
_d52035